Έφηβοι και οικογένεια : πώς βλέπουν την οικογένεια οι μαθητές της Β' και Γ' τάξης Λυκείου ; κοινωνιολογική εμπειρική μελέτη

Αποθηκεύτηκε σε:
Λεπτομέρειες βιβλιογραφικής εγγραφής
Κύριος συγγραφέας: Κορώσης, Κωνσταντίνος
Μορφή: Βιβλίο
Γλώσσα:Greek
Δημοσίευση: Αθήνα : Gutenberg, 1997.
Σειρά:Παιδαγωγική σειρά
Θέματα:
Ετικέτες: Προσθήκη ετικέτας
Δεν υπάρχουν, Καταχωρήστε ετικέτα πρώτοι!

MARC

LEADER 00000cam a2200000 i 4500
001 1/14598
008 001207s1997 gr | ||| |||| ||gre||
020 |a 9600106878 
035 |l 10065063 
040 |a GR-MY-UA  |b gre  |e aacr 
041 0 |a gre 
082 7 |a 306.8   |2 (22) 
100 1 |a Κορώσης, Κωνσταντίνος. 
245 1 0 |a Έφηβοι και οικογένεια :   |b πώς βλέπουν την οικογένεια οι μαθητές της Β' και Γ' τάξης Λυκείου ; κοινωνιολογική εμπειρική μελέτη /   |c Κωνσταντίνος Κορώσης.  
260 |a Αθήνα :   |b Gutenberg,   |c 1997.  
300 |a 239 σ. :   |b εικ. ;   |c 24 εκ.  
490 1 |a (Παιδαγωγική σειρά)  
504 |a Βιβλιογραφία : σ. 231-239.  
650 0 0 |a Family. 
650 0 0 |a Adolescent psychology. 
650 0 0 |a Children  |x Family relationships. 
650 0 0 |a Family  |z Greece. 
830 0 |a Παιδαγωγική σειρά 
852 |a INST  |b RHODES  |e 20001207  |h 306.8 ΚΟΡ  |p 005400017432  |q 005400017432  |t BK  |y 0 
901 |a BIBL4-2000-3 
909 |a Ρ  |b 081129 
922 |a 4ΕΛΗ  |b 200010  |c ΚΠΣ/Ν  |d ΠΑΠΑΣΩΤΗΡΙΟΥ 
970 |a ΚΟΥΛΑΚΙΟΤΗ  |b ΛΙΤΣΑ  |z 2000/12/07